Umiestňovanie obslužných centier
Problematika umiestňovania obslužných centier. Súčasný stav riešenia danej problematiky publikovaný v odborných periodikách v oblasti optimalizácie prepravných trás, modelovania umiestňovania obslužných centier, ako aj použitia metód viackriteriálneho programovania v lokačných úlohách.
Enregistré dans:
| Auteur principal: | |
|---|---|
| Format: | Chapitre de livre |
| Langue: | slovaque |
| Sujets: | |
| Tags: |
Pas de tags, Soyez le premier à ajouter un tag!
|
MARC
| LEADER | 00000nla$a2200000$$$4500 | ||
|---|---|---|---|
| 001 | 0145717 | ||
| 005 | 20240502072629.7 | ||
| 041 | 0 | |a slo | |
| 044 | |a SK | ||
| 245 | 1 | 0 | |a Umiestňovanie obslužných centier |c Juraj Pekár |
| 520 | |a Problematika umiestňovania obslužných centier. Súčasný stav riešenia danej problematiky publikovaný v odborných periodikách v oblasti optimalizácie prepravných trás, modelovania umiestňovania obslužných centier, ako aj použitia metód viackriteriálneho programovania v lokačných úlohách. | ||
| 610 | 2 | 0 | |a výskum operačný |
| 610 | 2 | 0 | |a programovanie |
| 610 | 2 | 0 | |a lokalizácia |
| 610 | 2 | 0 | |a služby |
| 610 | 2 | 0 | |a algoritmy |
| 610 | 2 | 0 | |a obchodní cestujúci |
| 100 | 1 | |a Pekár, Juraj, 1972- | |